000 00485nam a2200157Ia 4500
008 240729s9999 xx 000 0 und d
022 _a2837-0325
245 0 _aCES Transactions on Electrical Machines and Systems
260 _aChina
260 _bChina Electrotechnical Society
650 _a Electrical engineering. Electronics. Nuclear engineering
650 _aTechnology
856 _uhttps://doaj.org/toc/3373f1e5368942ca84760b878b4d6162
942 _2ddc
942 _cDOAJEJ
999 _c69124
_d69124
945 _a1
_bMadushi Gamage
_c1
_dMadushi Gamage